| 000 | 00577nam a2200229Ia 4500 | ||
|---|---|---|---|
| 003 | OSt | ||
| 005 | 20220928141610.0 | ||
| 006 | a|||||r|||| 00| 0 | ||
| 007 | ta | ||
| 008 | 220927b |||||||| |||| 00| 0 eng d | ||
| 024 | _a16259 | ||
| 037 | _cTextual | ||
| 040 |
_aSDCL _cSDCL _beng |
||
| 041 |
_2eng _aeng |
||
| 082 | _aB32, L1 | ||
| 100 | _aKaplan Wilfred | ||
| 245 | 0 | _aCalculus and linear algebra.V2. | |
| 260 | _c1971 | ||
| 700 |
_a Lewis Donald J _9493462 |
||
| 942 |
_hB32, L1 _cTEXL _2CC |
||
| 999 |
_c818613 _d818613 |
||